00795cam a22002411 4500001001300000003000400013005001700017008004100034010001700075035001900092040004100111042001200152050002200164110005500186245008100241260006500322300004100387500001700428500001800445650002600463650004700489999001700536l 46000114 DLC20260227111540.0800514s1946 dcua f000 0 eng c al 46000114  a(OCoLC)6315754 aU.S. Dept. of labor. Libr.cOCldDLC apremarc00aHD4973b.A45 19461 aUnited States.bNational Wage Stabilization Board.14aThe stabilization of wages in the reconversion period, May 1945- April 1946. aWashington, D.C.,bNational wage stabilization board,c1946. a2 p. l., 38 p. incl. tables.c26 cm. aCover-title. aMimeographed. 0aWageszUnited States. 0aReconstruction (1939-1951)zUnited States. c36549d36549